Breaking Bad Quotes by Character - Statistics

General Stats
  • This quiz has been taken 231 times
  • The average score is 26 of 45
Answer Stats
Hint Answer % Correct
"I will kill your wife. I will kill your son. I will kill your infant daughter.” Gustavo Fring
81%
"I f****ed Ted." Skyler White
80%
"You're the smartest guy I ever met but you’re too stupid to see, he made up his mind 10 minutes ago.” Hank Schrader
79%
"Yo yo yo! Representing the ABQ! 148 Three to the three to the six to the nine! Whaddup biyatch?! Leave it at the tone!" Jesse Pinkman
79%
"I am not in danger, Skyler. I AM the danger." Walter White
78%
"I am the one who knocks." Walter White
78%
"I did it for me." Walter White
77%
"Say my name." Walter White
77%
"Better call Saul!" Jimmy McGill
74%
“I’m not in the meth business. I’m in the empire business.” Walter White
73%
"He can't keep getting away with this!" Jesse Pinkman
71%
"Ahhhh, wire" Jesse Pinkman
67%
"Walter White couldn't have done it without me." Jimmy McGill
67%
"If that's true... if you don't know who I am... then maybe your best course would be to tread lightly." Walter White
66%
"For Hector Salamanca, a bullet to the head is far too humane." Gustavo Fring
64%
"You're not the guy. You're not capable of being the guy. I had a guy but now I don't. YOU. ARE. NOT. THE. GUY." Mike Ehrmantraut
63%
"You're not a real lawyer." Chuck McGill
62%
"It's showtime, folks." Jimmy McGill
62%
"My dad. I need to know he'll be safe." Nacho Varga
62%
"I swear to Christ..... I will put you under the jail." Hank Schrader
61%
"Marie... shut up! Shut up! Shut the hell up! Shut up! Shut up! Shut up! Shut up! Shut up! SHUT UP! SHUT UP! SHUT UP!" Skyler White
61%
"You can't conceive of what I'm capable of! I'm so far beyond you! I'm like a god in human clothing! Lighting bolts shoot from my fingertips!" Jimmy McGill
58%
"I am not turning down the money! I am turning down you! You get it? I want NOTHING to do with you!" Jesse Pinkman
57%
"You don’t need a criminal lawyer. You need a ‘criminal’ lawyer" Jesse Pinkman
57%
“Let’s start with tough love, alright. Ready for this? Here goes: You two suck at peddling meth. Period.” Jimmy McGill
57%
“No more half-measures.” Mike Ehrmantraut
56%
"You asked if you were bad for me. That's not it. We're bad for each other." Kim Wexler
54%
"You think this is bad, this–this chicanery? He's done worse." Chuck McGill
51%
"Why don't you kill yourself, Walt?" Marie Schrader
51%
"Just because you shot Jesse James... don't make you Jesse James." Mike Ehrmantraut
50%
"I broke my boy." Mike Ehrmantraut
49%
"Me? Nobody." Lalo Salamanca
48%
"So when you are sitting in your shitty nursing home and you're sucking down on your Jell-O night after night for the rest of your life, you think of me." Nacho Varga
48%
"Hey. I don't want to hurt your feelings... but the truth is you've never mattered all that much to me." Chuck McGill
47%
"Chick’s got an ass like an onion... makes me wanna cry." Hank Schrader
46%
"Jimmy you are always down." Kim Wexler
46%
"All I can do is wait... for the cancer to come back." Skyler White
46%
"A dog who bites every owner he's had can only be disciplined with a firm hand or... put down." Gustavo Fring
42%
"I think I'm in the middle of something..." Howard Hamlin
41%
"Thats why I call him Charlie Hustle" Howard Hamlin
37%
"Let's get down to brass tacks." Jimmy McGill
32%
"Tell me again." Lalo Salamanca
28%
"Do you think I'd be caught dead driving that thing? Looks like a school bus for six year old pimps." Nacho Varga
28%
"I believe that you are way out of your depth in this matter. So, next time you want to come in here and tell me what I'm doing wrong, you are welcome to keep it to yourself! Because I don't care!" Howard Hamlin
24%
"You did it all... for money. No matter what they do with you now, no matter where they put you or for how long, it will never be enough." Marie Schrader
20%
No matching quizzes found
Score Distribution
Percent of People with Each Score
Percentile by Number Answered
Your Score History
You have not taken this quiz